Julio Cortázar / (Record no. 830)
[ view plain ]
| 000 -CABECERA | |
|---|---|
| campo de control de longitud fija | 01958nam a2200265 a 4500 |
| 001 - NÚMERO DE CONTROL | |
| campo de control | 000000834 |
| 005 - FECHA Y HORA DE LA ÚLTIMA TRANSACCIÓN | |
| campo de control | 20200929145423.0 |
| 008 - DATOS DE LONGITUD FIJA--INFORMACIÓN GENERAL | |
| campo de control de longitud fija | 090527s2001 sp c 000 0 spa d |
| 020 ## - NÚMERO INTERNACIONAL ESTÁNDAR DEL LIBRO | |
| Número Internacional Estándar del Libro | 8475560318 |
| 020 ## - NÚMERO INTERNACIONAL ESTÁNDAR DEL LIBRO | |
| Número Internacional Estándar del Libro | 9788475560311 |
| 040 ## - FUENTE DE LA CATALOGACIÓN | |
| Centro catalogador/agencia de origen | DO-SdBNP |
| Lengua de catalogación | spa |
| Centro/agencia transcriptor | BNPHU |
| 082 ## - NÚMERO DE LA CLASIFICACIÓN DECIMAL DEWEY | |
| Número de clasificación | A863.44 |
| Número de documento/Ítem | C869j |
| 100 1# - ENTRADA PRINCIPAL--NOMBRE DE PERSONA | |
| Nombre de persona | Cousté, Alberto |
| 9 (RLIN) | 2943 |
| 245 13 - MENCIÓN DE TÍTULO | |
| Título | Julio Cortázar / |
| Mención de responsabilidad, etc. | Alberto Cousté. |
| 260 ## - PUBLICACIÓN, DISTRIBUCIÓN, ETC. | |
| Lugar de publicación, distribución, etc. | Barcelona : |
| Nombre del editor, distribuidor, etc. | Océano, |
| Fecha de publicación, distribución, etc. | 2001. |
| 300 ## - DESCRIPCIÓN FÍSICA | |
| Extensión | 222 p. : |
| Otras características físicas | retrs. ; |
| Dimensiones | 22 cm. |
| 490 0# - MENCIÓN DE SERIE | |
| Mención de serie | El lector de... |
| 490 0# - MENCIÓN DE SERIE | |
| Mención de serie | Especial |
| 504 ## - NOTA DE BIBLIOGRAFÍA, ETC. | |
| Nota de bibliografía, etc. | Incluye referencias bibliográficas |
| 505 0# - NOTA DE CONTENIDO CON FORMATO | |
| Nota de contenido con formato | Nota previa-- Los cortázares de Cortázar -- El escritor -- El hombre de andar por casa -- El hombre público -- Otra variante de lo mismo o para empezar a entendernos -- En el camino -- Del lado de allá -- Final del juego -- Una vida -- Los años argentinos: infancia y adolescencia -- Los años argentinos: la prolongada juventud (1935-1949) -- Los años de transición o el heterogéneo decenio de los cincuenta -- El tiempo cenital de los años sesenta -- El revolucionario conflictivo -- El maestro zen o de aquí a la eternidad -- Una obra -- Exploraciones a tiendas o del buceo como una de las bellas artes -- La gimnasia combinatoria -- En torno al Ecuador -- Nada es lo que parece -- Levitando por ahí -- Un testimonio: Paco Porrúa o esa forma de la alteridad -- El otro viajero de ida y vuelta -- Así que pasan veinte años -- Ahora aquí -- Antología -- Pameos y meopas -- Ceremonias -- Almanaques -- Cronología -- Bibliografía -- Obras de Julio Cortázar -- Obras sobre Julio Cortázar -- Apéndice -- A manera de conclusión o prólogo para un epílogo o una de tantas formas de recomenzar -- Julio Cortázar: la construcción de la figura. |
| 600 14 - PUNTO DE ACCESO ADICIONAL DE MATERIA--NOMBRE DE PERSONA | |
| Nombre de persona | CORTÁZAR, JULIO, |
| Fechas asociadas al nombre | 1914-1984 |
| Subdivisión general | CRÍTICA E INTERPRETACIÓN |
| 9 (RLIN) | 2944 |
| 600 14 - PUNTO DE ACCESO ADICIONAL DE MATERIA--NOMBRE DE PERSONA | |
| Nombre de persona | CORTÁZAR, JULIO, |
| Fechas asociadas al nombre | 1914-1984 |
| Subdivisión general | COLECCIONES |
| 9 (RLIN) | 2945 |
| 830 #0 - PUNTO DE ACCESO ADICIONAL DE SERIE-TÍTULO UNIFORME | |
| Título uniforme | El lector de... |
| 9 (RLIN) | 2946 |
| 830 #0 - PUNTO DE ACCESO ADICIONAL DE SERIE-TÍTULO UNIFORME | |
| Título uniforme | Especial |
| 9 (RLIN) | 2947 |
| Estado de retiro | Estado de pérdida | Restricciones de uso | No para préstamo | Código de colección | Localización permanente | Ubicación/localización actual | Ubicación en estantería | Fecha de adquisición | Número de inventario | Total de préstamos | Signatura topográfica completa | Código de barras | Fecha visto por última vez | Precio válido a partir de | Tipo de ítem Koha |
|---|---|---|---|---|---|---|---|---|---|---|---|---|---|---|---|
| Préstamo interno | Préstamo en sala | Dominicana de Servicio | Biblioteca Nacional Pedro Henríquez Ureña | Biblioteca Nacional Pedro Henríquez Ureña | Depósito | 26.08.2009 | LF1 | A863.44 C869j | 834-10 | 25.06.2020 | 25.06.2020 | Libros y folletos |
